000 01822nam a2200301Ia 4500
003 PE-SENCICO
005 20251020182439.0
008 200515s2017 CO a 000 0 und d
020 _a978-958-771-506-4
040 _aPE SENCICO
_cPE SENCICO
041 _aspa
082 _a526.9
_bR62
100 1 _aRincón Villalba, Mario Arturo
_9313
_eautor
245 1 0 _aTopografía :
_bconceptos y aplicaciones /
_cMario Arturo Rincón Villalba, Wilson Ernesto Vargas Vargas, Carlos Javier González Vergara
250 _a1a ed.
260 _aBogotá :
_bEcoe ediciones ;
_c2017
300 _a380 páginas :
_bilustraciones, tablas, gráficos ;
_c24 cm.
490 _aIngeniería y salud en el trabajo. Ingeniería civil
505 0 _aLevantamiento con cinta y brújula -- Ángulos y coordenadas -- Radiación -- Poligonales -- Poligonal abierta -- Poligonal cerrada -- Poligonal punto a punto -- Localización de proyectos -- Cálculo de áreas -- Altimetría conceptos generales -- Nivelación geométrica o diferencial -- Nivelación trigonométrica -- Nivelación de líneas (perfiles) -- Modelos digitales de terreno -- Nivelación de superficies -- Movimiento de tierras -- Planos topográficos
520 3 _aExplica detalladamente los conceptos principales del área de topografía y las diferentes metodologías para la realización de proyectos, abordando de manera clara y precisa las temáticas de planimetría, altimetría y su combinación en la generación de modelos digitales de terreno y planos topográficos.
650 1 0 _aTopografía
_94
650 2 0 _aMedición de altitudes
_91225
650 2 0 _aNivelación
_91224
650 2 0 _aLevantamiento topográfico
_9116
700 1 _9310
_aVargas Vargas, Wilson Ernesto
_eautor
700 1 _9314
_aGonzáles Vergara, Carlos Javier
_eautor
942 _cLIB
_2ddc
999 _c471
_d471